[Event "Int.Vellmar 9th op B"]
[Site "Vellmar"]
[Date "2017.07.14"]
[Round "3.34"]
[White "Moderow, Ramon"]
[Black "Heinz, Friedrich"]
[Result "1-0"]
[WhiteElo "1421"]
[BlackElo "1669"]
[PlyCount "143"]
[EventDate "2017.07.13"]
[EventType "swiss"]
[EventRounds "7"]
[EventCountry "GER"]

1. e4 d5 2. exd5 Qxd5 3. Nc3 Qa5 4. Nf3 Nf6 5. d4 Bg4 6. Bd2 c6 7. h3 Bh5 8.
Ne2 Qb6 9. g4 Bg6 10. b3 e6 11. Nf4 Ba3 12. Bc3 Ne4 13. Bd2 Bb2 14. Rb1 Bxd4
15. Nxd4 Qxd4 16. Be3 Qc3+ 17. Bd2 Nxd2 18. Qxd2 Qxc2 19. Qxc2 Bxc2 20. Rc1 Be4
21. Rh2 O-O 22. Bd3 Bxd3 23. Nxd3 Nd7 24. f3 Nf6 25. Rd1 Nd5 26. Rhd2 Rfe8 27.
h4 h6 28. h5 e5 29. Kf2 e4 30. fxe4 Rxe4 31. Kg3 Rae8 32. Nc5 Re3+ 33. Kh4 Nf4
34. Rh1 f6 35. Nxb7 Kh7 36. Nd6 g5+ 37. hxg6+ Nxg6+ 38. Kh5 R8e5+ 39. Nf5 Nf4+
40. Kh4 Ng6+ 41. Kh5 Nf8 42. Kh4 R3e4 43. Kg3 Rd5 44. Rxd5 cxd5 45. Rxh6+ Kg8
46. Rxf6 Nd7 47. Rd6 Ne5 48. Rxd5 Rxg4+ 49. Kh3 Re4 50. Ra5 Nc6 51. Ra6 Re6 52.
Ng3 Rh6+ 53. Kg2 Rg6 54. Kf2 Kf8 55. Ne4 Ke8 56. Nc3 Rf6+ 57. Ke3 Re6+ 58. Kd2
Rd6+ 59. Kc1 Rh6 60. Nb5 Rh1+ 61. Kb2 Rh2+ 62. Ka3 Kd7 63. Nxa7 Nd4 64. Kb4
Nc2+ 65. Kc3 Ne3 {Remisangebot} 66. Nb5 Nd5+ 67. Kd4 Rd2+ 68. Kc5 Nc7 69. Nxc7
Kxc7 70. a4 Rc2+ 71. Kb4 Rh2 72. Rg6 1-0

[Event "Int.Vellmar 9th op B"]
[Site "Vellmar"]
[Date "2017.07.14"]
[Round "3.35"]
[White "Warter, Simon"]
[Black "Benedikt, Alexander"]
[Result "1-0"]
[WhiteElo "1357"]
[BlackElo "1666"]
[PlyCount "47"]
[EventDate "2017.07.13"]
[EventType "swiss"]
[EventRounds "7"]
[EventCountry "GER"]

1. e4 e6 2. d4 c5 3. Nf3 cxd4 4. Nxd4 Nc6 5. Bb5 Nxd4 6. Qxd4 a6 7. Bd3 Ne7 8.
Bg5 f6 9. Bh4 Nc6 10. Qe3 Qa5+ 11. Qd2 Qxd2+ 12. Nxd2 Bc5 13. Nb3 Bb6 14. f3
O-O 15. Bf2 Bxf2+ 16. Kxf2 Rd8 17. Rad1 b6 18. Rd2 a5 19. Bb5 Na7 20. Bc4 Kf7
21. Nd4 Nc6 22. Nxc6 Re8 23. Nd4 Bb7 24. Nb5 1-0

[Event "Int.Vellmar 9th op B"]
[Site "Vellmar"]
[Date "2017.07.14"]
[Round "3.37"]
[White "Jungklaus, Lars"]
[Black "Pessotschinski, Eduard"]
[Result "1-0"]
[WhiteElo "1660"]
[BlackElo "1187"]
[PlyCount "43"]
[EventDate "2017.07.13"]
[EventType "swiss"]
[EventRounds "7"]
[EventCountry "GER"]

1. d4 d5 2. c4 e6 3. Nf3 Nf6 4. Bg5 Nbd7 5. e3 c6 6. Nc3 Qa5 7. Qc2 Ne4 8. Bf4
Bb4 9. Rc1 Qxa2 10. Bd3 Nxc3 11. bxc3 Qxc2 12. Rxc2 dxc4 13. Bxc4 Ba5 14. e4
O-O 15. Bd6 Re8 16. O-O Nb6 17. Bb3 f5 18. Ra1 fxe4 19. Nd2 Bxc3 20. Rxc3 Nd5
21. Rg3 Nc3 22. Rxc3 1-0

[Event "Int.Vellmar 9th op B"]
[Site "Vellmar"]
[Date "2017.07.14"]
[Round "3.40"]
[White "Pohl, Rolf Dieter"]
[Black "Pabst, Olaf"]
[Result "1/2-1/2"]
[WhiteElo "1487"]
[BlackElo "1610"]
[PlyCount "49"]
[EventDate "2017.07.13"]
[EventType "swiss"]
[EventRounds "7"]
[EventCountry "GER"]

1. d4 f5 2. f3 d5 3. Nc3 e6 4. Bf4 Bd6 5. Qd2 Nf6 6. O-O-O Bxf4 7. Qxf4 O-O 8.
h4 Qd6 9. Qxd6 cxd6 10. Nb5 Ne8 11. e3 a6 12. Nc3 b5 13. b4 Nc6 14. a3 Rb8 15.
Nh3 Nc7 16. Nf4 Bd7 17. Bd3 a5 18. bxa5 Nxa5 19. Kd2 Nc4+ 20. Bxc4 dxc4 21. Ra1
Ra8 22. Nce2 Ra7 23. Ra2 Rfa8 24. Rha1 {Remis Angebot} b4 25. Nc1 1/2-1/2

[Event "Int.Vellmar 9th op B"]
[Site "Vellmar"]
[Date "2017.07.14"]
[Round "3.41"]
[White "Heidenreich, Gundolf"]
[Black "Ross, Heinrich"]
[Result "0-1"]
[WhiteElo "1710"]
[BlackElo "1482"]
[PlyCount "60"]
[EventDate "2017.07.13"]
[EventType "swiss"]
[EventRounds "7"]
[EventCountry "GER"]

1. d4 d5 2. Bf4 Nf6 3. e3 e6 4. c4 Bb4+ 5. Nc3 O-O 6. a3 Bxc3+ 7. bxc3 dxc4 8.
Bxc4 Nd5 9. Ne2 c6 10. e4 Nxf4 11. Nxf4 Qg5 12. g3 e5 13. Ne2 Bg4 14. O-O Qh5
15. Qd3 b5 16. f3 bxc4 17. fxg4 Qxh2+ 18. Kxh2 cxd3 19. Nc1 exd4 20. cxd4 Rd8
21. Nb3 Nd7 22. Rad1 Rab8 23. Rxd3 Ne5 24. Rc3 Nxg4+ 25. Kh3 h5 26. Rff3 Rd6
27. Rc5 g6 28. Na5 Rb2 29. Kh4 Kg7 30. e5 Kh6 0-1

[Event "Int.Vellmar 9th op B"]
[Site "Vellmar"]
[Date "2017.07.14"]
[Round "3.42"]
[White "Schmechtig, Lucas"]
[Black "Krausse, Vanessa"]
[Result "0-1"]
[WhiteElo "1491"]
[BlackElo "1619"]
[PlyCount "106"]
[EventDate "2017.07.13"]
[EventType "swiss"]
[EventRounds "7"]
[EventCountry "GER"]

1. c4 Nf6 2. g3 c5 3. Bg2 e6 4. Nc3 Be7 5. d3 O-O 6. e3 Nc6 7. Nge2 a6 8. a3
Rb8 9. Rb1 b5 10. b3 Na7 11. O-O Bb7 12. Bxb7 Rxb7 13. Nf4 b4 14. axb4 cxb4 15.
Nce2 d5 16. Bb2 dxc4 17. Bxf6 Bxf6 18. dxc4 Rd7 19. Qc2 Rd2 20. Qe4 e5 21. Qb7
exf4 22. Nxf4 Qd7 23. Qxb4 Nc6 24. Qb6 Ra8 25. Nd5 Rxd5 26. cxd5 Qxd5 27. Rfd1
Qe4 28. Rbc1 Ne5 29. Kf1 Qh1+ 30. Ke2 Qf3+ 31. Kf1 Ng4 32. Rd2 Bg5 33. Rc3 Re8
34. Qc5 h6 35. Qc6 Nxh2+ 36. Ke1 Qxc6 37. Rxc6 Nf3+ 38. Ke2 Nxd2 39. Kxd2 a5
40. Rc5 Be7 41. Rb5 Bb4+ 42. Ke2 Rc8 43. Rd5 Rc3 44. Rd3 Rxd3 45. Kxd3 Kf8 46.
f3 Ke7 47. Ke4 Ke6 48. Kd4 h5 49. Ke4 g5 50. f4 f5+ 51. Kf3 g4+ 52. Ke2 Kd5 53.
Kd3 Be1 0-1

[Event "Int.Vellmar 9th op B"]
[Site "Vellmar"]
[Date "2017.07.14"]
[Round "3.43"]
[White "Lambrecht, Harald"]
[Black "Walkiewicz, Danny"]
[Result "0-1"]
[WhiteElo "1422"]
[BlackElo "1605"]
[PlyCount "56"]
[EventDate "2017.07.13"]
[EventType "swiss"]
[EventRounds "7"]
[EventCountry "GER"]

1. d4 Nf6 2. c4 g6 3. Nc3 d5 4. e3 Bg7 5. cxd5 Nxd5 6. Bd3 c5 7. Bc4 Nxc3 8.
bxc3 Nc6 9. Ne2 O-O 10. O-O Qa5 11. Qb3 a6 12. Bd5 Qc7 13. Bd2 Na5 14. Qc2 e6
15. Bf3 Nc4 16. a4 Rb8 17. Rfb1 Rd8 18. Nc1 b6 19. Be2 Na5 20. c4 cxd4 21. Bxa5
d3 22. Bxd3 Bxa1 23. Bxb6 Rxb6 24. Rxa1 Qe5 25. Ra2 Qa5 26. Kf1 Qb4 27. Ke2 e5
28. f3 Be6 0-1

[Event "Int.Vellmar 9th op B"]
[Site "Vellmar"]
[Date "2017.07.14"]
[Round "3.44"]
[White "Spinnler, Wolfgang"]
[Black "Schulz, Christian"]
[Result "1/2-1/2"]
[WhiteElo "1604"]
[BlackElo "1416"]
[PlyCount "60"]
[EventDate "2017.07.13"]
[EventType "swiss"]
[EventRounds "7"]
[EventCountry "GER"]

1. Nf3 d5 2. g3 Nf6 3. b3 c5 4. Bg2 e6 5. Bb2 Be7 6. O-O Nc6 7. d3 O-O 8. Nbd2
Qc7 9. c4 b6 10. cxd5 exd5 11. a3 Rb8 12. Rc1 Nd7 13. Qc2 Bb7 14. Ne1 d4 15.
Nef3 Bf6 16. b4 Qd8 17. b5 Ne7 18. Qa4 Nc8 19. Nc4 Re8 20. Rfe1 Bd5 21. Qc2 Ne5
22. Nfxe5 Bxe5 23. Bxd5 Qxd5 24. Qd2 Bf6 25. Ra1 Nd6 26. Nxd6 Qxd6 27. a4 Qd7
28. Qc2 Re6 29. Bc1 Rbe8 30. Ra2 Be5 1/2-1/2

[Event "Int.Vellmar 9th op B"]
[Site "Vellmar"]
[Date "2017.07.14"]
[Round "3.45"]
[White "Janovskij, Konstantin"]
[Black "Toma, Yanis"]
[Result "1/2-1/2"]
[WhiteElo "1335"]
[BlackElo "1538"]
[PlyCount "76"]
[EventDate "2017.07.13"]
[EventType "swiss"]
[EventRounds "7"]
[EventCountry "GER"]

1. e4 c5 2. Nc3 d6 3. g3 Nc6 4. Bg2 Nf6 5. d3 a6 6. f4 e6 7. Nf3 Be7 8. Bd2 Rb8
9. O-O O-O 10. Re1 Nd7 11. f5 Nde5 12. fxe6 Bxe6 13. Nxe5 Nxe5 14. Bf4 Bg4 15.
Qd2 Ng6 16. Nd5 Nxf4 17. Qxf4 Be6 18. Rad1 Bxd5 19. exd5 Bf6 20. b3 Be5 21. Qd2
Re8 22. Re2 Bd4+ 23. Kh1 Rxe2 24. Qxe2 Qe8 25. Re1 Qxe2 26. Rxe2 Kf8 27. Bh3 b6
28. Kg2 Re8 29. Rxe8+ Kxe8 30. Kf3 Ke7 31. Bg2 Kf6 32. Kg4 h6 33. Be4 g6 34. h4
Ke5 35. Kh3 f5 36. Bf3 g5 37. hxg5 hxg5 38. g4 f4 1/2-1/2

[Event "Int.Vellmar 9th op B"]
[Site "Vellmar"]
[Date "2017.07.14"]
[Round "3.46"]
[White "Neumann, Peter Eduard"]
[Black "Mihailovic, Slobodan"]
[Result "0-1"]
[WhiteElo "1576"]
[BlackElo "1271"]
[PlyCount "86"]
[EventDate "2017.07.13"]
[EventType "swiss"]
[EventRounds "7"]
[EventCountry "GER"]

1. Nf3 a6 2. e4 b5 3. d3 Bb7 4. Nbd2 g6 5. g3 Bg7 6. Bg2 e6 7. d4 d6 8. c3 Ne7
9. Nb3 Bxe4 10. O-O a5 11. Qe2 Bc6 12. Bf4 a4 13. Nbd2 Nd7 14. Rfe1 O-O 15. Nf1
Nd5 16. Bg5 Qe8 17. Qd2 N5f6 18. Bh6 Ne4 19. Qe3 Ndf6 20. Bxg7 Kxg7 21. h3 Rh8
22. N3h2 h6 23. Ng4 Nxg4 24. hxg4 Ng5 25. Bxc6 Qxc6 26. Nh2 Nh3+ 27. Kf1 Qh1+
28. Ke2 Qxh2 29. Rf1 Qg2 30. Rae1 Qd5 31. a3 Qb3 32. Qd2 Qc4+ 33. Kf3 Ng5+ 34.
Kg2 Qd5+ 35. f3 h5 36. gxh5 Rxh5 37. g4 Rh4 38. Re5 dxe5 39. Qxg5 Rah8 40. dxe5
Rh2+ 41. Kg3 R8h3+ 42. Kf4 Qc4+ 43. Ke3 Re2# 0-1

[Event "Int.Vellmar 9th op B"]
[Site "Vellmar"]
[Date "2017.07.14"]
[Round "3.47"]
[White "Kanbach, Moritz"]
[Black "Kroemer, Alexander"]
[Result "0-1"]
[WhiteElo "1258"]
[BlackElo "1566"]
[PlyCount "130"]
[EventDate "2017.07.13"]
[EventType "swiss"]
[EventRounds "7"]
[EventCountry "GER"]

1. e4 e5 2. Nf3 Nc6 3. Bc4 Bc5 4. O-O Nf6 5. Nc3 O-O 6. d3 h6 7. Be3 Bb6 8. h3
d6 9. Qe2 Nd4 10. Bxd4 Bxd4 11. Nxd4 exd4 12. Nb5 c5 13. c3 a6 14. Na3 b5 15.
Bb3 dxc3 16. bxc3 Re8 17. c4 bxc4 18. Nxc4 d5 19. Nd2 a5 20. Qf3 a4 21. Bc2 Qa5
22. Rad1 Qc3 23. Bb1 dxe4 24. Nxe4 Nxe4 25. Rc1 Qf6 26. dxe4 Qxf3 27. gxf3 Bxh3
28. Rfd1 Ra5 29. Rd5 Rc8 30. a3 Be6 31. Re5 g5 32. Kg2 Kg7 33. Kg3 Kf6 34. f4
Rb5 35. Bc2 Rb2 36. f3 Bb3 37. Bxb3 gxf4+ 38. Kxf4 Rxb3 39. Rexc5 Rxc5 40. Rxc5
Rxa3 41. Rc6+ Kg7 42. Ra6 Ra1 43. e5 a3 44. Kf5 a2 45. f4 h5 46. Ra3 h4 47. Rh3
Rf1 48. Ra3 a1=Q 49. Rxa1 Rxa1 50. Kg4 Ra4 51. Kxh4 Rxf4+ 52. Kg5 Rf1 53. Kg4
Kf8 54. Kg5 Ke7 55. Kh6 Ke6 56. Kg7 Kxe5 57. Kf8 f5 58. Ke7 f4 59. Kd7 f3 60.
Kc6 f2 61. Kb5 Rb1+ 62. Kc6 f1=Q 63. Kc7 Rc1+ 64. Kb7 Qb5+ 65. Ka7 Ra1# 0-1

[Event "Int.Vellmar 9th op B"]
[Site "Vellmar"]
[Date "2017.07.14"]
[Round "3.54"]
[White "Moderow, Manuel"]
[Black "Fromm, Nick"]
[Result "1-0"]
[WhiteElo "1133"]
[BlackElo "1518"]
[PlyCount "61"]
[EventDate "2017.07.13"]
[EventType "swiss"]
[EventRounds "7"]
[EventCountry "GER"]

1. e4 e6 2. d4 d5 3. Nc3 dxe4 4. Nxe4 Be7 5. Nf3 b6 6. Bd3 Bb7 7. O-O Nd7 8.
Re1 Ngf6 9. c3 O-O 10. Qc2 h6 11. Nxf6+ Nxf6 12. Ne5 c5 13. Be3 Nd5 14. Nf3 Rc8
15. Rad1 Kh8 16. Be4 Qe8 17. dxc5 Nxe3 18. Rxe3 Bxe4 19. Qxe4 Bxc5 20. Red3 Qc6
21. Qf4 Qc7 22. Qe4 Rfd8 23. Ne5 Rxd3 24. Nxd3 Rd8 25. Qf3 Qd7 26. Kf1 f5 27.
Ke1 Bd6 28. g3 e5 29. Nb4 e4 30. Qe2 Qe7 31. Nc6 1-0

[Event "Int.Vellmar 9th op B"]
[Site "Vellmar"]
[Date "2017.07.14"]
[Round "3.55"]
[White "Tiggemann, Felix"]
[Black "Warren, Nigel"]
[Result "1-0"]
[WhiteElo "1502"]
[BlackElo "1218"]
[PlyCount "65"]
[EventDate "2017.07.13"]
[EventType "swiss"]
[EventRounds "7"]
[EventCountry "GER"]

1. e4 c6 2. d4 d5 3. Nd2 dxe4 4. Nxe4 Bf5 5. Ng3 Bg6 6. Nh3 h6 7. Nf4 Bh7 8.
Bc4 e6 9. O-O Be7 10. Re1 Nf6 11. Bxe6 O-O 12. Bf5 Bxf5 13. Nxf5 Re8 14. Nh5
Bf8 15. Rxe8 Qxe8 16. Nxh6+ Kh8 17. Nxf6 Qe6 18. Nxf7+ Qxf7 19. Qh5+ Qxh5 20.
Nxh5 Nd7 21. Bd2 Re8 22. Re1 Rxe1+ 23. Bxe1 g6 24. Nf4 Kh7 25. Ne6 Be7 26. c3
b5 27. b3 Nb6 28. Nc7 Nd7 29. d5 c5 30. Nxb5 a6 31. Nc7 a5 32. c4 Bd6 33. Bxa5
1-0

[Event "Int.Vellmar 9th op B"]
[Site "Vellmar"]
[Date "2017.07.14"]
[Round "3.56"]
[White "Margraf, Dieter"]
[Black "Eurich, Eva"]
[Result "1/2-1/2"]
[WhiteElo "1496"]
[BlackElo "1077"]
[PlyCount "48"]
[EventDate "2017.07.13"]
[EventType "swiss"]
[EventRounds "7"]
[EventCountry "GER"]

1. d4 d5 2. Nf3 Nc6 3. c3 Nf6 4. Bf4 Bf5 5. e3 e6 6. Bd3 Bxd3 7. Qxd3 Bd6 8.
Nbd2 O-O 9. O-O Re8 10. Rfe1 a6 11. e4 Bxf4 12. e5 Bxd2 13. Qxd2 Ne4 14. Qf4 h6
15. Rad1 Ne7 16. Nd2 Nxd2 17. Rxd2 Ng6 18. Qg3 Nh4 19. f4 Nf5 20. Qf2 g5 21. g4
Nh4 22. fxg5 Qxg5 23. h3 Nf3+ 24. Qxf3 Qxd2 1/2-1/2

[Event "Int.Vellmar 9th op B"]
[Site "Vellmar"]
[Date "2017.07.15"]
[Round "4.1"]
[White "Lutz, Adam"]
[Black "Lange, Martin"]
[Result "1/2-1/2"]
[WhiteElo "1751"]
[BlackElo "1853"]
[PlyCount "72"]
[EventDate "2017.07.13"]
[EventType "swiss"]
[EventRounds "7"]
[EventCountry "GER"]

1. e4 e6 2. d4 d5 3. Nc3 Nf6 4. e5 Nfd7 5. Nf3 c5 6. dxc5 Bxc5 7. Bd3 Nc6 8.
Bf4 f6 9. exf6 Nxf6 10. O-O O-O 11. Bg3 Nh5 12. Bh4 Be7 13. Bxe7 Qxe7 14. Re1
Qf6 15. Qd2 Nf4 16. Re3 Nxd3 17. Rxd3 Bd7 18. Re1 a6 19. Qg5 Rae8 20. Qxf6 Rxf6
21. Ne5 Nxe5 22. Rxe5 Ref8 23. f3 Rf5 24. Rxf5 Rxf5 25. Rd4 Bc6 26. Kf2 g5 27.
a3 Kg7 28. Rd3 g4 29. Kg3 gxf3 30. gxf3 Rg5+ 31. Kf2 Kf6 32. Rd4 Be8 33. Rb4
Bc6 34. Rd4 a5 35. Rh4 h5 36. Rd4 Be8 1/2-1/2

[Event "Int.Vellmar 9th op B"]
[Site "Vellmar"]
[Date "2017.07.15"]
[Round "4.2"]
[White "Wagner, Andreas"]
[Black "John, Volkmar"]
[Result "1/2-1/2"]
[WhiteElo "1770"]
[BlackElo "1838"]
[PlyCount "35"]
[EventDate "2017.07.13"]
[EventType "swiss"]
[EventRounds "7"]
[EventCountry "GER"]

1. d4 d5 2. c4 e6 3. Nf3 Nf6 4. Bg5 Be7 5. Nc3 Nbd7 6. Qc2 h6 7. Bh4 O-O 8.
cxd5 exd5 9. e3 c6 10. Bd3 Re8 11. O-O Nh5 12. Bxe7 Qxe7 13. e4 dxe4 14. Bxe4
Nhf6 15. Bf5 Nb6 16. Rfe1 Bxf5 17. Qxf5 Qd7 18. Qxd7 1/2-1/2

[Event "Int.Vellmar 9th op B"]
[Site "Vellmar"]
[Date "2017.07.15"]
[Round "4.3"]
[White "Pichl, Uwe"]
[Black "Saoud, Mohamad Alhussein"]
[Result "0-1"]
[WhiteElo "1752"]
[BlackElo "1720"]
[PlyCount "48"]
[EventDate "2017.07.13"]
[EventType "swiss"]
[EventRounds "7"]
[EventCountry "GER"]

1. d4 Nf6 2. Nf3 e6 3. c4 d5 4. Nc3 Be7 5. Bf4 a6 6. e3 O-O 7. Rc1 dxc4 8. Bxc4
c5 9. a4 Nc6 10. d5 exd5 11. Bxd5 Nb4 12. e4 Qa5 13. O-O Bg4 14. Bxb7 Rad8 15.
Bd2 Qb6 16. Bd5 Nfxd5 17. Nxd5 Nxd5 18. exd5 Rxd5 19. Qe2 Qg6 20. Bc3 Rf5 21.
Qxe7 Bxf3 22. g3 Rh5 23. Qe3 Qg4 24. Qf4 Qh3 0-1

[Event "Int.Vellmar 9th op B"]
[Site "Vellmar"]
[Date "2017.07.15"]
[Round "4.4"]
[White "Davidov, Georgi"]
[Black "Uecker, Mario"]
[Result "1-0"]
[WhiteElo "1872"]
[BlackElo "1720"]
[PlyCount "83"]
[EventDate "2017.07.13"]
[EventType "swiss"]
[EventRounds "7"]
[EventCountry "GER"]

1. e4 c5 2. b4 e5 3. bxc5 Bxc5 4. Bc4 Nf6 5. Qe2 Nc6 6. Nf3 d6 7. h3 O-O 8. Nc3
a6 9. O-O b5 10. Bb3 Bb7 11. d3 Nd4 12. Nxd4 Bxd4 13. Bb2 a5 14. a4 b4 15. Nd1
Qb6 16. Bxd4 Qxd4 17. Ne3 Ba6 18. Nf5 Qxe4 19. Qxe4 Nxe4 20. dxe4 Bxf1 21. Kxf1
Ra6 22. Rd1 Rd8 23. Bc4 Rb6 24. Rd5 g6 25. Ne3 Ra8 26. Bb3 Rc6 27. Nc4 Kf8 28.
Nxd6 Rd8 29. Nc4 Rxd5 30. exd5 Rc5 31. Nxe5 Ke7 32. Ke2 f6 33. Nc6+ Kd6 34. Kd3
h6 35. Kd4 h5 36. Bc4 g5 37. g4 h4 38. f3 Rxc6 39. dxc6 Kxc6 40. Ke4 Kc5 41.
Bb3 Kd6 42. Kf5 1-0

[Event "Int.Vellmar 9th op B"]
[Site "Vellmar"]
[Date "2017.07.15"]
[Round "4.5"]
[White "Sendler, Arnold"]
[Black "Calci, Fiorino"]
[Result "0-1"]
[WhiteElo "1692"]
[BlackElo "1847"]
[PlyCount "120"]
[EventDate "2017.07.13"]
[EventType "swiss"]
[EventRounds "7"]
[EventCountry "GER"]

1. e4 d5 2. exd5 Nf6 3. d4 Qxd5 4. Nf3 Bg4 5. Be2 e6 6. c4 Qa5+ 7. Bd2 Bb4 8.
Nc3 Nbd7 9. a3 Bxc3 10. Bxc3 Qh5 11. h3 Ne4 12. Qd3 Ndf6 13. Ne5 Bxe2 14. Qxe2
Qxe2+ 15. Kxe2 Nxc3+ 16. bxc3 Ne4 17. Rhc1 f6 18. Nd3 b6 19. f3 Nd6 20. c5 Nc4
21. cxb6 axb6 22. a4 Kd7 23. Rc2 Ra5 24. Rca2 Rha8 25. Nb4 h5 26. Kd3 Nd6 27.
c4 Nf5 28. Kc3 Kd6 29. Nd3 h4 30. Nc1 e5 31. Nb3 exd4+ 32. Nxd4 Nxd4 33. Kxd4
Re5 34. f4 Re7 35. Rd1 Rae8 36. a5 Kc6 37. Kc3 Re3+ 38. Rd3 Rxd3+ 39. Kxd3 Ra8
40. a6 b5 41. cxb5+ Kxb5 42. Ke4 Rxa6 43. Rb2+ Kc5 44. Kf5 Kd4 45. Rd2+ Kc3 46.
Rd7 Ra5+ 47. Kg4 c5 48. Rxg7 c4 49. Kxh4 Kc2 50. Rc7 c3 51. g4 Kd2 52. Rxc3
Kxc3 53. g5 Kd4 54. Kg4 Ke4 55. g6 Ra1 56. h4 Rg1+ 57. Kh5 Kf5 58. Kh6 Rxg6+
59. Kh5 Rg8 60. Kh6 Rh8+ 0-1

[Event "Int.Vellmar 9th op B"]
[Site "Vellmar"]
[Date "2017.07.15"]
[Round "4.6"]
[White "Michels, Holger"]
[Black "Bastian, Ben"]
[Result "1-0"]
[WhiteElo "1816"]
[BlackElo "1705"]
[PlyCount "41"]
[EventDate "2017.07.13"]
[EventType "swiss"]
[EventRounds "7"]
[EventCountry "GER"]

1. c4 c5 2. g3 g6 3. Bg2 Bg7 4. Nc3 Nf6 5. e4 d6 6. Nge2 O-O 7. O-O Nc6 8. d3
Rb8 9. h3 a6 10. f4 e6 11. Be3 Nd7 12. g4 f5 13. exf5 exf5 14. g5 Nb6 15. Rb1
Re8 16. Bf2 Bd7 17. a3 Nc8 18. b4 b6 19. bxc5 bxc5 20. Bxc6 Rxb1 21. Bd5+ 1-0

[Event "Int.Vellmar 9th op B"]
[Site "Vellmar"]
[Date "2017.07.15"]
[Round "4.8"]
[White "Wuttke, Bodo"]
[Black "Gibhardt, Peter"]
[Result "1/2-1/2"]
[WhiteElo "1735"]
[BlackElo "1633"]
[PlyCount "90"]
[EventDate "2017.07.13"]
[EventType "swiss"]
[EventRounds "7"]
[EventCountry "GER"]

1. d4 Nf6 2. c4 e5 3. d5 c5 4. Nc3 d6 5. e4 Be7 6. Bd3 O-O 7. h3 Ne8 8. Nf3 f5
9. O-O f4 10. Bd2 Rf6 11. Nh4 Rf8 12. Nf5 g6 13. Nxe7+ Qxe7 14. Kh2 f3 15. g3
Qd7 16. g4 Qe7 17. Qc1 Nf6 18. Bg5 h6 19. Bxf6 Qxf6 20. Qxh6 Rf7 21. Rg1 Rh7
22. Qe3 Na6 23. a3 Bd7 24. Bc2 Kg7 25. Rg3 Rah8 26. Qxf3 Qxf3 27. Rxf3 Bxg4 28.
Rg3 Bxh3 29. Kg1 Bd7 30. Kf1 Rh1+ 31. Rg1 Nc7 32. Ke2 Bg4+ 33. Kd2 Rxg1 34.
Rxg1 Bd7 35. Bd1 Rh2 36. Ke3 Ne8 37. Bf3 Nf6 38. Ne2 Nh5 39. Ng3 Nxg3 40. Rxg3
Rh3 41. Rxh3 Bxh3 42. Be2 Kf6 43. Kf3 Kg5 44. Kg3 Bd7 45. Bd1 a5 1/2-1/2

[Event "Int.Vellmar 9th op B"]
[Site "Vellmar"]
[Date "2017.07.15"]
[Round "4.9"]
[White "Rother, Wilfried"]
[Black "Niemeyer, Norbert"]
[Result "1/2-1/2"]
[WhiteElo "1890"]
[BlackElo "1651"]
[PlyCount "39"]
[EventDate "2017.07.13"]
[EventType "swiss"]
[EventRounds "7"]
[EventCountry "GER"]

1. e4 c5 2. Nf3 d6 3. d4 cxd4 4. Nxd4 Nf6 5. Nc3 g6 6. Be2 Bg7 7. Be3 a6 8. O-O
Bd7 9. f4 Nc6 10. Qd2 O-O 11. Bf3 Rc8 12. Nb3 Bg4 13. Qf2 Bxf3 14. Bb6 Qd7 15.
Qxf3 Qg4 16. Qf2 Qe6 17. Rfe1 Nd7 18. Rad1 Nxb6 19. Qxb6 Rb8 20. Qf2 1/2-1/2

[Event "Int.Vellmar 9th op B"]
[Site "Vellmar"]
[Date "2017.07.15"]
[Round "4.10"]
[White "Schilling, Dietmar"]
[Black "Niemann, Leon"]
[Result "0-1"]
[WhiteElo "1872"]
[BlackElo "1548"]
[PlyCount "104"]
[EventDate "2017.07.13"]
[EventType "swiss"]
[EventRounds "7"]
[EventCountry "GER"]

1. e4 c5 2. Nf3 Nc6 3. d4 cxd4 4. Nxd4 g6 5. Be3 Bg7 6. c3 Nf6 7. Nd2 O-O 8.
Be2 d6 9. O-O Bd7 10. f3 a6 11. N2b3 b5 12. Nxc6 Bxc6 13. Qd2 Nd7 14. Bh6 Qb6+
15. Kh1 Ne5 16. Bxg7 Kxg7 17. Rab1 Nc4 18. Bxc4 bxc4 19. Qd4+ Qxd4 20. Nxd4 Bd7
21. Rfe1 f6 22. Nc2 a5 23. Ne3 Be6 24. Rbd1 Rfc8 25. Nd5 Bxd5 26. exd5 Kf7 27.
Re4 Rab8 28. Rd2 a4 29. a3 Rc5 30. Kg1 f5 31. Red4 Rbb5 32. Kf2 Ke8 33. h4 Kd7
34. Ke3 Rb8 35. g3 Kc7 36. Kf4 h6 37. h5 Rg8 38. hxg6 Rxg6 39. Rh2 e5+ 40. dxe6
Rxe6 41. Rh5 Rf6 42. Ke3 f4+ 43. gxf4 Rxh5 44. Rxc4+ Rc5 45. Rxa4 h5 46. Ra7+
Kb6 47. Rh7 Re6+ 48. Kd3 Rf5 49. b4 Rxf4 50. Rxh5 Rxf3+ 51. Kc4 Re4+ 52. Kd5
Re5+ 0-1

[Event "Int.Vellmar 9th op B"]
[Site "Vellmar"]
[Date "2017.07.15"]
[Round "4.11"]
[White "Rueggeberg, Jan"]
[Black "Kirchner, Stefan"]
[Result "1-0"]
[WhiteElo "1845"]
[BlackElo "1550"]
[PlyCount "59"]
[EventDate "2017.07.13"]
[EventType "swiss"]
[EventRounds "7"]
[EventCountry "GER"]

1. e3 f5 2. b3 Nf6 3. Bb2 d6 4. d4 g6 5. Be2 Bg7 6. h4 O-O 7. h5 g5 8. h6 Bh8
9. Nh3 Ne4 10. Nd2 e5 11. Nxe4 fxe4 12. dxe5 Be6 13. Rb1 d5 14. Bg4 Re8 15. Bh5
Rf8 16. Ba3 Rf5 17. Bg4 Bxe5 18. Bxf5 Bxf5 19. Bb2 Bxb2 20. Rxb2 c6 21. Qd4 Qe7
22. c4 Be6 23. Qe5 Nd7 24. Qxg5+ Qxg5 25. Nxg5 Bf5 26. cxd5 cxd5 27. Rc2 b6 28.
Rc7 a5 29. Kd2 Kf8 30. Nxh7+ 1-0

[Event "Int.Vellmar 9th op B"]
[Site "Vellmar"]
[Date "2017.07.15"]
[Round "4.13"]
[White "Lorch, Alexander"]
[Black "Bengsch, Norbert"]
[Result "0-1"]
[WhiteElo "1658"]
[BlackElo "1797"]
[PlyCount "52"]
[EventDate "2017.07.13"]
[EventType "swiss"]
[EventRounds "7"]
[EventCountry "GER"]

1. d4 f5 2. Nc3 d5 3. e4 dxe4 4. f3 e5 5. Be3 f4 6. dxe5 Qxd1+ 7. Rxd1 fxe3 8.
Nb5 Bb4+ 9. c3 Ba5 10. b4 Bb6 11. a4 a6 12. Nd4 exf3 13. Ngxf3 Bg4 14. Bc4 Bxd4
15. Rxd4 Bxf3 16. Rf4 Nh6 17. Rxf3 Rf8 18. Rxf8+ Kxf8 19. Rf1+ Ke7 20. g4 g6
21. g5 Nf5 22. Ke2 Nd7 23. e6 Nf8 24. Rf4 Rd8 25. Kf3 Rd2 26. h4 Rf2+ 0-1

[Event "Int.Vellmar 9th op B"]
[Site "Vellmar"]
[Date "2017.07.15"]
[Round "4.14"]
[White "Stein, Carmen"]
[Black "Becker, Ralph"]
[Result "1-0"]
[WhiteElo "1630"]
[BlackElo "1776"]
[PlyCount "61"]
[EventDate "2017.07.13"]
[EventType "swiss"]
[EventRounds "7"]
[EventCountry "GER"]

1. e4 c5 2. d4 cxd4 3. c3 d3 4. Bxd3 d6 5. c4 g6 6. Nc3 Bg7 7. h3 Nc6 8. Nf3
Nf6 9. O-O O-O 10. Be3 Bd7 11. Rc1 Rb8 12. Qe2 a6 13. Rfd1 Qa5 14. Bb1 Rfd8 15.
Nd2 b5 16. Nb3 Qb4 17. cxb5 axb5 18. Bd2 Nd4 19. Nxd4 Qxd4 20. Bh6 Qa7 21. Bxg7
Kxg7 22. e5 dxe5 23. Qxe5 b4 24. Nd5 Be6 25. Nc7 Bxa2 26. Bxa2 Qxa2 27. Qxe7
Rxd1+ 28. Rxd1 Qxb2 29. Ne6+ Kh6 30. Qxf7 Qe2 31. Qg7+ 1-0

[Event "Int.Vellmar 9th op B"]
[Site "Vellmar"]
[Date "2017.07.15"]
[Round "4.15"]
[White "Wiedemann, Thilo"]
[Black "Meyer, Marcel"]
[Result "0-1"]
[WhiteElo "1616"]
[BlackElo "1725"]
[PlyCount "92"]
[EventDate "2017.07.13"]
[EventType "swiss"]
[EventRounds "7"]
[EventCountry "GER"]

1. d4 Nf6 2. Bf4 e6 3. e3 c5 4. c3 d5 5. Nf3 Bd6 6. Bg3 Nc6 7. Nbd2 b6 8. Bd3
Bb7 9. Ne5 Qc7 10. f4 O-O 11. Ndf3 c4 12. Bc2 b5 13. O-O b4 14. Qe2 a5 15. a3
Rfb8 16. Ng5 Rf8 17. Ng4 Ne4 18. Nxe4 dxe4 19. Bxe4 f5 20. Bxc6 Qxc6 21. Ne5
Qd5 22. Qf3 Qb5 23. Qe2 Bd5 24. b3 Bxe5 25. fxe5 bxc3 26. Rfb1 Be4 27. Qxc4
Qxc4 28. bxc4 Bxb1 29. Rxb1 Rfc8 30. c5 Rab8 31. Rc1 Rb3 32. Be1 Rxa3 33. Rxc3
Rxc3 34. Bxc3 a4 35. Kf1 Kf7 36. Ke2 Ke8 37. Kd2 Kd7 38. Kc2 Rb8 39. g3 Kc6 40.
h3 Kd5 41. Kd3 a3 42. g4 g6 43. g5 a2 44. h4 Rb3 45. Kc2 Rxc3+ 46. Kxc3 a1=Q+
0-1